| 000 | 00819nam a2200217Ia 4500 | ||
|---|---|---|---|
| 001 | 3318 | ||
| 003 | GE_BSU | ||
| 008 | 181216s||||||||xx |||||||||||||| ||und|| | ||
| 040 | _cGE_BSU | ||
| 080 | _a66.023(075.32) | ||
| 100 | _aГайдамак,К.М. Тыркин,Б.А. | ||
| 245 | _aМонтаж оборудования предприятий химической и нефте-химической промишленности. | ||
| 245 | _bУчебное пособие. | ||
| 245 | _cРед.А.П.Николаева. | ||
| 260 | _aМ. | ||
| 260 | _bВысшая школа. | ||
| 260 | _c1974. | ||
| 300 | _a286стр.с илл. | ||
| 653 | _aМонтаж оборудования предприятий химической и нефте-химической промишленности. | ||
| 942 | _cBK | ||
| 999 |
_c37359 _d37359 |
||